Logic and discrete mathematics A computer science perspective
Propositional calculus; Predicate calculus; Induction and recursion; Prolog; Sets and relations; More about functions; Graphs and trees; Formal requirement specification in Z; Program correctness proofs; Grammars languages, and parsing; Derivations; An overview of relational database systems.
Đã lưu trong:
| 主要作者: | |
|---|---|
| 格式: | 图书 |
| 语言: | Undetermined |
| 出版: |
New Jersey
Prentice Hall
1996
|
| 主题: | |
| 标签: |
添加标签
没有标签, 成为第一个标记此记录!
|
| Thư viện lưu trữ: | Trung tâm Học liệu Trường Đại học Cần Thơ |
|---|
| LEADER | 00893nam a2200205Ia 4500 | ||
|---|---|---|---|
| 001 | CTU_23342 | ||
| 008 | 210402s9999 xx 000 0 und d | ||
| 082 | |a 005.1015113 | ||
| 082 | |b G768 | ||
| 100 | |a Winfried Karl Grassmann | ||
| 245 | 0 | |a Logic and discrete mathematics | |
| 245 | 2 | |b A computer science perspective | |
| 245 | 0 | |c Winfried Karl Grassmann, Jean Paul Tremblay | |
| 260 | |a New Jersey | ||
| 260 | |b Prentice Hall | ||
| 260 | |c 1996 | ||
| 520 | |a Propositional calculus; Predicate calculus; Induction and recursion; Prolog; Sets and relations; More about functions; Graphs and trees; Formal requirement specification in Z; Program correctness proofs; Grammars languages, and parsing; Derivations; An overview of relational database systems. | ||
| 650 | |a Computer science - mathematics | ||
| 904 | |i Quyên,980523 | ||
| 980 | |a Trung tâm Học liệu Trường Đại học Cần Thơ | ||